Vrcholové riadenie a čo ďalej?

Kritický pohľad na vrcholové riadenie Slovenskej republiky. Spätkovanie Slovenska po roku 1989. Očakávané dôsledky súčasného systému riadenia. Prepracovanosť systému prípravy a výberu kandidátov - nositeľov výkonnej moci vo svete.

Guardado en:
Detalles Bibliográficos
Autor principal: Ďurkovič, H.
Formato: Libro
Lenguaje:eslovaco
Materias:
Etiquetas: Agregar Etiqueta
Sin Etiquetas, Sea el primero en etiquetar este registro!

MARC

LEADER 00000nam a2200000 4500
001 r030104
005 20230824094548.7
041 0 |a slo 
044 |a SK 
245 1 0 |a Vrcholové riadenie a čo ďalej?  |c H. Ďurkovič 
520 |a Kritický pohľad na vrcholové riadenie Slovenskej republiky. Spätkovanie Slovenska po roku 1989. Očakávané dôsledky súčasného systému riadenia. Prepracovanosť systému prípravy a výberu kandidátov - nositeľov výkonnej moci vo svete. 
610 2 0 |a riadenie vrcholové 
610 2 0 |a moc výkonná 
610 2 0 |a vláda 
610 2 0 |a privatizácia 
610 2 0 |a Slovensko 
610 2 0 |a korupcia 
610 2 0 |a 1989-1998 
100 1 |a Ďurkovič, H.